| 000 | 01410nmm a2200349 a 4500 | ||
|---|---|---|---|
| 001 | ocm000603323 | ||
| 003 | TR-IsHL | ||
| 005 | 20201028132122.0 | ||
| 008 | 131028s2007 tu tur | ||
| 007 | cr cn | ||
| 020 | _a9789758890248 | ||
| 035 |
_a603323 _b(N$T) |
||
| 050 | 0 | 4 |
_aHF5549 _b.K39 2007 |
| 090 | 0 | 4 |
_aHF5549 _b.K39 2007 |
| 100 | 1 | _aKaya, Ali | |
| 245 | 1 | 0 |
_aYönetimde insan ilişkilerinin sırları: özel sektör ve kamu yöneticileri için (doktor, mimar, avukat, veteriner, müdürler, üst düzey yöneticiler..vb.) _h[electronic resource] / _cAli Kaya |
| 250 | _a1.bs. | ||
| 260 |
_aKonya : _bEğitim Akademi Yayınevi, _c2007 |
||
| 300 | _a227 p. | ||
| 650 | 4 | _aİşletme ve Yönetim | |
| 650 | 4 | _aBusiness and Management | |
| 650 | 0 |
_aYöneticiler _x insan ilişkileri _x protokol kuralları _x iletişim |
|
| 650 | 0 |
_aExecutives _x human relationships _x protocol rules _x communication |
|
| 650 | 0 |
_aYöneticiler _x Türkiye _x Tutumlar |
|
| 650 | 0 |
_aExecutives _x Turkey _x Attitudes |
|
| 650 | 0 | _aPersonel yönetimi | |
| 650 | 0 | _aPersonnel management | |
| 650 | 0 |
_aPersonel yönetimi _x Örnek olay çalışmaları |
|
| 650 | 0 |
_aPersonnel management _x Case studies |
|
| 650 | 7 |
_aBUSINESS & ECONOMICS / Human Resources & Personnel Management _2bisacsh |
|
| 856 | 4 | 0 | _uhttp://search.ebscohost.com/login.aspx?direct=true&scope=site&db=e011xww&AN=603323 |
| 999 |
_c4923 _d4923 |
||